Statistics for County Seats of Connecticut

Click here to take the quiz!

General Stats

  • This quiz has been taken 161 times
  • The average score is 5 of 8

Answer Stats

CountyCounty Seat% Correct
HartfordHartford
100%
New HavenNew Haven
79%
New LondonNew London
75%
FairfieldBridgeport
71%
LitchfieldLitchfield
68%
MiddlesexMiddletown
39%
WindhamPutnam
25%
TollandRockville
18%

Score Distribution

Percentile by Number Answered

Percent of People with Each Score

Your Score History

You have not taken this quiz